The new encyclopedia of golf

Bibliographic Details
Format: Book
Published: London : Dorling Kindersley , 2001
Subjects:

MARC

LEADER 00000cam a2200000 7i4500
001 0000011458
005 20031106.0
020 |a 0751327905 
040 |a INS 
090 0 0 |a GV965.   |b C36 2001 
245 1 0 |a The new encyclopedia of golf 
260 |a London :   |b Dorling Kindersley ,   |c 2001 
300 |a 384p :   |b 29cm 
650 0 0 |a Golf   |x Encyclopedias 
999 |a 0000010344   |b BOOK   |c Open Shelf   |e Default branch